[Event "24. Torneo Colllado Villalba"]
[Site "Collado Villalba ESP"]
[Date "2007.08.25"]
[Round "3.43"]
[White "Sierra Bermejo, Gregorio"]
[Black "Rodrigo Yanguas, Maria"]
[Result "0-1"]
[WhiteElo "1802"]
[BlackElo "1988"]
[PlyCount "88"]
[EventDate "2007.08.23"]
[EventType "swiss"]
[EventRounds "9"]
[EventCountry "ESP"]
[Source "lmi"]
[SourceDate "2007.08.23"]

1. c4 f5 2. Nf3 g6 3. Nc3 Nf6 4. d3 Bg7 5. Bf4 d6 6. Qc1 h6 7. Bd2 e5 8. e3 O-O
9. Be2 Qe8 10. Rb1 Nc6 11. a3 e4 12. Ng1 Qf7 13. h4 Ne5 14. dxe4 fxe4 15. Qc2
Bd7 16. Nh3 Bc6 17. Nf4 Kh7 18. b3 Rae8 19. Rd1 Rd8 20. Bc1 Kg8 21. Bb2 a6 22.
a4 b6 23. Na2 a5 24. Nc3 Bb7 25. Nb5 Rc8 26. Nd4 Rce8 27. Nb5 Rd8 28. Nd4 Bc8
29. Nb5 Bg4 30. Bxe5 dxe5 31. Rxd8 Rxd8 32. Bxg4 exf4 33. Be2 Qe7 34. O-O fxe3
35. fxe3 Qb4 36. Qc3 Qxc3 37. Nxc3 Rd2 38. Rd1 Rxd1+ 39. Bxd1 Kf7 40. Nb5 c6
41. Nd6+ Ke6 42. Nc8 Bf8 43. Kf1 Bc5 44. Ke2 Kd7 0-1

[Event "24. Torneo Colllado Villalba"]
[Site "Collado Villalba ESP"]
[Date "2007.08.25"]
[Round "3.44"]
[White "Nieto De La Cruz, Julio"]
[Black "Greciano Raiskila, Miguel Cristia"]
[Result "1-0"]
[WhiteElo "1625"]
[BlackElo "1961"]
[PlyCount "79"]
[EventDate "2007.08.23"]
[EventType "swiss"]
[EventRounds "9"]
[EventCountry "ESP"]
[Source "lmi"]
[SourceDate "2007.08.23"]

1. d4 d5 2. c4 c6 3. Nc3 e6 4. Nf3 Nf6 5. Bg5 Nbd7 6. e3 Be7 7. Bd3 dxc4 8.
Bxc4 b5 9. Bd3 a6 10. Rc1 Bb7 11. O-O O-O 12. Qc2 h6 13. Bh4 Rc8 14. Qe2 c5 15.
Rfd1 Qc7 16. Ne4 c4 17. Nxf6+ Nxf6 18. Bb1 Rfe8 19. Ne5 Nd7 20. Bg3 Bd6 21. Qh5
Nxe5 22. dxe5 Bb4 23. Bf4 Bf8 24. Rd6 Rcd8 25. Rcd1 a5 26. Qh4 Be7 27. Qh5 Bf8
28. Qh4 f6 29. Bg6 Rxd6 30. exd6 Rd8 31. Qg4 Qd7 32. Bc2 e5 33. Qg6 Bxd6 34.
Qh7+ Kf8 35. Bxh6 Qg4 36. f3 Bxf3 37. Rd2 gxh6 38. Bg6 Rd7 39. Qh8+ Ke7 40.
Qe8# 1-0

[Event "24. Torneo Colllado Villalba"]
[Site "Collado Villalba ESP"]
[Date "2007.08.25"]
[Round "3.45"]
[White "Menor Villamor, Jose Carlos"]
[Black "Medrano Del Val, Julio"]
[Result "1-0"]
[WhiteElo "2032"]
[BlackElo "1738"]
[PlyCount "77"]
[EventDate "2007.08.23"]
[EventType "swiss"]
[EventRounds "9"]
[EventCountry "ESP"]
[Source "lmi"]
[SourceDate "2007.08.23"]

1. e4 d6 2. d4 b6 3. Nc3 Nf6 4. f3 Bb7 5. Be3 e6 6. Nh3 Be7 7. Nf2 c5 8. Bb5+
Nfd7 9. Qd2 a6 10. Be2 Nc6 11. d5 Nce5 12. O-O b5 13. f4 Ng6 14. Rad1 b4 15.
Na4 exd5 16. exd5 Qa5 17. b3 Qc7 18. c4 bxc3 19. Nxc3 f5 20. Bd3 O-O 21. Qc2
Nh4 22. Qe2 Rae8 23. g3 Bf6 24. Rc1 Bd4 25. Nfd1 Nf6 26. Qd2 Qe7 27. Bxd4 cxd4
28. Ne2 Bxd5 29. gxh4 Ng4 30. Ng3 Qxh4 31. Bc4 Bxc4 32. Rxc4 Ne3 33. Nxe3 Rxe3
34. Rxd4 Rfe8 35. Rxd6 Re2 36. Nxe2 Qg4+ 37. Ng3 h5 38. Qd5+ Kh8 39. Qxf5 1-0

[Event "24. Torneo Colllado Villalba"]
[Site "Collado Villalba ESP"]
[Date "2007.08.25"]
[Round "3.47"]
[White "Duque Suarez, Leonardo"]
[Black "Herrero Corada, Jose Ignacio"]
[Result "0-1"]
[WhiteElo "1772"]
[BlackElo "1942"]
[PlyCount "93"]
[EventDate "2007.08.23"]
[EventType "swiss"]
[EventRounds "9"]
[EventCountry "ESP"]
[Source "lmi"]
[SourceDate "2007.08.23"]

1. e4 c6 2. d4 d5 3. exd5 cxd5 4. c4 Nf6 5. Nc3 e6 6. Nf3 Bb4 7. Bg5 Qa5 8. Bd2
O-O 9. a3 Bxc3 10. Bxc3 Qc7 11. Rc1 dxc4 12. Bb4 Rd8 13. Bxc4 Nc6 14. O-O Nxb4
15. Bxe6 Qb6 16. Rxc8 Raxc8 17. Bxc8 Rxc8 18. axb4 Qxb4 19. Qa1 a6 20. Rc1
Rxc1+ 21. Qxc1 g6 22. Qc3 Nd5 23. Qxb4 Nxb4 24. Ne5 Kf8 25. Kf1 Ke7 26. Ke2 f6
27. Nc4 Ke6 28. Nb6 Nd5 29. Na4 b6 30. g3 Kd6 31. Kd3 f5 32. b3 Kc6 33. h3 a5
34. h4 b5 35. Nc5 Nb4+ 36. Ke3 Kd5 37. Nb7 a4 38. bxa4 bxa4 39. Nc5 a3 40. Nb3
a2 41. Kd2 Kc4 42. Na5+ Kxd4 43. Nb3+ Kc4 44. Na5+ Kb5 45. Nb3 Ka4 46. Kc3 Ka3
47. Na1 0-1

[Event "24. Torneo Colllado Villalba"]
[Site "Collado Villalba ESP"]
[Date "2007.08.25"]
[Round "3.48"]
[White "Peral Aparicio, Jesus"]
[Black "Marcos Herrero, Francisco"]
[Result "0-1"]
[WhiteElo "1707"]
[BlackElo "1940"]
[PlyCount "82"]
[EventDate "2007.08.23"]
[EventType "swiss"]
[EventRounds "9"]
[EventCountry "ESP"]
[Source "lmi"]
[SourceDate "2007.08.23"]

1. d4 Nf6 2. c4 g6 3. Nc3 Bg7 4. e4 d6 5. Nf3 O-O 6. Be2 e5 7. d5 Nbd7 8. Bg5
h6 9. Bh4 Qe8 10. Qd2 a6 11. O-O Kh7 12. h3 Nc5 13. Bxf6 Bxf6 14. b4 Nd7 15.
Nh2 Bg5 16. Qd1 f5 17. Nf3 Qe7 18. a4 Nf6 19. Nxg5+ hxg5 20. exf5 gxf5 21. Re1
Kg6 22. Qd3 Rh8 23. Bf1 Nh5 24. Ne2 Qf6 25. Ra2 Bd7 26. a5 Nf4 27. Nxf4+ gxf4
28. Qf3 Qg5 29. g3 Kf7 30. Kh2 Rag8 31. c5 Rh4 32. Bc4 fxg3+ 33. fxg3 Rxc4 34.
c6 bxc6 35. Qd3 Rd4 36. Qf3 cxd5 37. Rb2 Bb5 38. Rc2 Rd2+ 39. Rxd2 Qxd2+ 40.
Kh1 Qxe1+ 41. Kh2 Qe2+ 0-1

[Event "24. Torneo Colllado Villalba"]
[Site "Collado Villalba ESP"]
[Date "2007.08.25"]
[Round "3.51"]
[White "Garcia-Sanchez Navarro-Prieto, Ma"]
[Black "Tevar Sanz, Gonzalo"]
[Result "0-1"]
[WhiteElo "1584"]
[BlackElo "1877"]
[PlyCount "83"]
[EventDate "2007.08.23"]
[EventType "swiss"]
[EventRounds "9"]
[EventCountry "ESP"]
[Source "lmi"]
[SourceDate "2007.08.23"]

1. Nf3 d5 2. e4 dxe4 3. Ng5 Bf5 4. Nc3 Nf6 5. Qe2 Nc6 6. Ngxe4 e6 7. Nxf6+ Qxf6
8. Nb5 Rc8 9. d3 a6 10. Nc3 Nd4 11. Qd1 Bb4 12. Bd2 Qe5+ 13. Be2 Rd8 14. f4 Qc5
15. a3 Bxc3 16. Bxc3 O-O 17. Rc1 a5 18. g4 Bg6 19. h4 f5 20. h5 Be8 21. g5 Bc6
22. Rh2 Nxc2+ 23. Qxc2 Qg1+ 24. Bf1 Qe3+ 25. Re2 Qxf4 26. Bd2 Qg3+ 27. Rf2 Rd4
28. h6 Rh4 29. Qc3 Rf7 30. d4 Re4+ 31. Be2 Qg1+ 32. Rf1 Qg4 33. Be3 Qg3+ 34.
Bf2 Qxg5 35. Rg1 Qxh6 36. Kd1 Qh2 37. Qg3 Ba4+ 38. b3 Bxb3+ 39. Kd2 Qh6+ 40.
Kc3 Rxe2 41. Rh1 Qd2+ 42. Kxb3 0-1

[Event "24. Torneo Colllado Villalba"]
[Site "Collado Villalba ESP"]
[Date "2007.08.26"]
[Round "4.1"]
[White "Lazarev, Vladimir"]
[Black "Roa Alonso, Santiago"]
[Result "1/2-1/2"]
[WhiteElo "2498"]
[BlackElo "2445"]
[PlyCount "27"]
[EventDate "2007.08.23"]
[EventType "swiss"]
[EventRounds "9"]
[EventCountry "ESP"]
[Source "lmi"]
[SourceDate "2007.08.23"]

1. d4 d5 2. c4 e6 3. Nc3 Nf6 4. cxd5 exd5 5. Bg5 Be7 6. e3 c6 7. Qc2 O-O 8. Bd3
Nbd7 9. Nge2 Re8 10. f3 Nf8 11. O-O Be6 12. Rad1 Rc8 13. Kh1 Qa5 14. a3 1/2-1/2

[Event "24. Torneo Colllado Villalba"]
[Site "Collado Villalba ESP"]
[Date "2007.08.26"]
[Round "4.2"]
[White "Babaev, Rashad"]
[Black "Barria Zuñiga, Daniel"]
[Result "1-0"]
[WhiteElo "2488"]
[BlackElo "2427"]
[PlyCount "49"]
[EventDate "2007.08.23"]
[EventType "swiss"]
[EventRounds "9"]
[EventCountry "ESP"]
[Source "lmi"]
[SourceDate "2007.08.23"]

1. e4 e6 2. d4 d5 3. Nd2 Nc6 4. Ngf3 Nf6 5. e5 Nd7 6. Bd3 f6 7. Ng5 Ndxe5 8.
dxe5 fxg5 9. Qh5+ g6 10. Bxg6+ Kd7 11. c4 Nxe5 12. Bc2 Qf6 13. O-O Bd6 14. b4
Ng6 15. Rb1 Nf4 16. Qd1 Qh6 17. g3 Qh3 18. gxf4 Bxf4 19. Nf3 g4 20. Qd4 gxf3
21. Qg7+ Kc6 22. b5+ Kb6 23. c5+ Kxc5 24. Ba3+ Kb6 25. Qd4+ 1-0

[Event "24. Torneo Colllado Villalba"]
[Site "Collado Villalba ESP"]
[Date "2007.08.26"]
[Round "4.3"]
[White "Gallardo Garcia, Andres"]
[Black "Moreno Ruiz, Javier"]
[Result "1-0"]
[WhiteElo "2352"]
[BlackElo "2466"]
[PlyCount "99"]
[EventDate "2007.08.23"]
[EventType "swiss"]
[EventRounds "9"]
[EventCountry "ESP"]
[Source "lmi"]
[SourceDate "2007.08.23"]

1. e4 c5 2. Nf3 Nc6 3. Bb5 g6 4. Bxc6 dxc6 5. d3 Bg7 6. h3 Nf6 7. Nc3 Nd7 8.
Be3 e5 9. Qd2 Qe7 10. Bh6 f6 11. Bxg7 Qxg7 12. a3 a5 13. Nh2 g5 14. Ng4 Nb6 15.
Ne3 h5 16. h4 g4 17. Ne2 Be6 18. Ng3 Nc8 19. O-O Nd6 20. b4 cxb4 21. axb4 a4
22. d4 exd4 23. Qxd4 Nb5 24. Qb2 a3 25. Qc1 Qc7 26. c4 Nd4 27. Rxa3 Kf7 28. Qa1
Rxa3 29. Qxa3 Kg6 30. Qa7 Rd8 31. Qc5 Qe5 32. Qe7 Rb8 33. Rd1 Bf7 34. Qd7 Ne6
35. Ngf5 Rd8 36. Qxb7 Rxd1+ 37. Nxd1 Qa1 38. Qd7 Qc1 39. Nfe3 Qb1 40. Qxc6 Qxb4
41. Qd5 Nc5 42. Qf5+ Kg7 43. e5 fxe5 44. Qxe5+ Kf8 45. Nf5 Ne6 46. Qh8+ Bg8 47.
Qh6+ Kf7 48. Qxh5+ Kf8 49. Qxg4 Bh7 50. Nfe3 1-0

[Event "24. Torneo Colllado Villalba"]
[Site "Collado Villalba ESP"]
[Date "2007.08.26"]
[Round "4.4"]
[White "Guliev, Logman"]
[Black "Ortiz Suarez, Isam"]
[Result "1-0"]
[WhiteElo "2454"]
[BlackElo "2390"]
[PlyCount "87"]
[EventDate "2007.08.23"]
[EventType "swiss"]
[EventRounds "9"]
[EventCountry "ESP"]
[Source "lmi"]
[SourceDate "2007.08.23"]

1. e4 c5 2. Nf3 d6 3. d4 cxd4 4. Nxd4 Nf6 5. Nc3 e6 6. Be3 a6 7. f3 b5 8. Qd2
Nbd7 9. O-O-O h6 10. g4 Ne5 11. Bd3 Bb7 12. Kb1 b4 13. Nce2 d5 14. exd5 Nxd5
15. Rhg1 Qb6 16. Rg3 Nxd3 17. Qxd3 Nxe3 18. Qxe3 Bc5 19. g5 O-O-O 20. gxh6 gxh6
21. Rg4 Rd5 22. c4 Rd7 23. Nc1 Re8 24. Ncb3 e5 25. Qe2 Bxd4 26. Rgxd4 Rxd4 27.
Nxd4 Qf6 28. Nc2 Qxf3 29. Qd2 Kb8 30. Nxb4 Qe4+ 31. Qc2 f5 32. Qxe4 Bxe4+ 33.
Kc1 a5 34. Na6+ Kc8 35. Rd6 Bf3 36. Nc5 e4 37. Rxh6 Re5 38. Ne6 e3 39. Nd4 Be4
40. Re6 Rc5 41. b3 Rc7 42. Re8+ Kd7 43. Re5 Kd6 44. Rxe4 1-0

[Event "24. Torneo Colllado Villalba"]
[Site "Collado Villalba ESP"]
[Date "2007.08.26"]
[Round "4.5"]
[White "Teske, Henrik"]
[Black "Rodriguez Gonzalez, Javier"]
[Result "1-0"]
[WhiteElo "2578"]
[BlackElo "2261"]
[PlyCount "55"]
[EventDate "2007.08.23"]
[EventType "swiss"]
[EventRounds "9"]
[EventCountry "ESP"]
[Source "lmi"]
[SourceDate "2007.08.23"]

1. e4 e6 2. d4 d5 3. Nc3 Bb4 4. Bd3 Ne7 5. Nge2 c5 6. exd5 exd5 7. dxc5 Nbc6 8.
Be3 O-O 9. O-O Bg4 10. a3 Bxc3 11. bxc3 Qd7 12. h3 Bf5 13. Nd4 Bxd3 14. cxd3
Nxd4 15. Bxd4 Nc6 16. Be3 Qc7 17. Qf3 Na5 18. Qxd5 Rad8 19. Qf5 Rfe8 20. Rfd1
g6 21. Qg5 Qc6 22. Rab1 Rd5 23. Qg4 Qa6 24. Qa4 Rxe3 25. fxe3 Rxd3 26. Qe8+ Kg7
27. Qe5+ Kg8 28. Qe4 1-0

[Event "24. Torneo Colllado Villalba"]
[Site "Collado Villalba ESP"]
[Date "2007.08.26"]
[Round "4.6"]
[White "Vazquez Igarza, Renier"]
[Black "Granero Roca, Antonio"]
[Result "0-1"]
[WhiteElo "2553"]
[BlackElo "2348"]
[PlyCount "98"]
[EventDate "2007.08.23"]
[EventType "swiss"]
[EventRounds "9"]
[EventCountry "ESP"]
[Source "lmi"]
[SourceDate "2007.08.23"]

1. Nf3 Nf6 2. c4 g6 3. Nc3 Bg7 4. e4 d6 5. d4 O-O 6. Be2 Bg4 7. Be3 Nfd7 8. Rc1
a6 9. d5 c5 10. a4 Qa5 11. Bd2 Qc7 12. h3 Bxf3 13. Bxf3 Nf6 14. g4 Nbd7 15. g5
Ne8 16. h4 f5 17. h5 Ne5 18. Be2 f4 19. hxg6 hxg6 20. Bg4 Nxg4 21. Qxg4 Qc8 22.
Qh4 e5 23. Qh7+ Kf7 24. Rh6 Ke7 25. Rxg6 Qg4 26. Ne2 Kf7 27. Rh6 Qxg5 28. Rh5
Qg6 29. Qxg6+ Kxg6 30. Rh2 Nf6 31. f3 Rh8 32. Rg2+ Kf7 33. b4 Nd7 34. Bc3 Rh1+
35. Kd2 Rah8 36. a5 Bf6 37. Rcg1 Rxg1 38. Nxg1 Rh1 39. b5 Bh4 40. Ke2 Nf6 41.
Be1 Bg3 42. b6 Nh5 43. Bf2 Kf6 44. Kf1 Kg5 45. Ke2 Kh4 46. Kf1 Nf6 47. Ke2 Nh7
48. Be1 Ng5 49. Bc3 Nh3 0-1

[Event "24. Torneo Colllado Villalba"]
[Site "Collado Villalba ESP"]
[Date "2007.08.26"]
[Round "4.7"]
[White "Solaesa Navalpotro, Luis Julio"]
[Black "Suba, Mihai"]
[Result "1/2-1/2"]
[WhiteElo "2291"]
[BlackElo "2525"]
[PlyCount "104"]
[EventDate "2007.08.23"]
[EventType "swiss"]
[EventRounds "9"]
[EventCountry "ESP"]
[Source "lmi"]
[SourceDate "2007.08.23"]

1. d4 Nf6 2. Nf3 e6 3. c4 Bb4+ 4. Bd2 a5 5. Nc3 d6 6. g3 b6 7. Bg2 Bb7 8. O-O
O-O 9. Rc1 Nbd7 10. Ne1 Bxg2 11. Nxg2 c6 12. Bg5 d5 13. Qd3 Qc8 14. Bxf6 Nxf6
15. a3 Be7 16. cxd5 exd5 17. e4 dxe4 18. Nxe4 Qd7 19. Rfd1 Rfd8 20. Qc2 Rac8
21. Ne3 Nxe4 22. Qxe4 Bg5 23. Rc3 Bxe3 24. Rxe3 g6 25. Rc3 Re8 26. Qf3 Re6 27.
d5 Rd6 28. Kg2 c5 29. Rcd3 c4 30. Rd4 Rc5 31. Qe4 b5 32. a4 f5 33. Qe5 b4 34.
Rc1 c3 35. bxc3 bxc3 36. Rd3 Rdxd5 37. Rxd5 Qxd5+ 38. Qxd5+ Rxd5 39. Rxc3 Rd4
40. Rc7 Rxa4 41. Ra7 g5 42. Kf3 h5 43. h4 g4+ 44. Ke3 Ra2 45. Kd4 Rxf2 46. Rxa5
f4 47. Rxh5 fxg3 48. Rg5+ Kh7 49. Rxg4 g2 50. Ke3 Ra2 51. Kf3 Kh6 52. Rxg2 Ra5
1/2-1/2

[Event "24. Torneo Colllado Villalba"]
[Site "Collado Villalba ESP"]
[Date "2007.08.26"]
[Round "4.8"]
[White "Pastor Alonso De Prado, Alberto"]
[Black "Saldaño Dayer, Horacio"]
[Result "0-1"]
[WhiteElo "2183"]
[BlackElo "2451"]
[PlyCount "62"]
[EventDate "2007.08.23"]
[EventType "swiss"]
[EventRounds "9"]
[EventCountry "ESP"]
[Source "lmi"]
[SourceDate "2007.08.23"]

1. e4 e6 2. d4 d5 3. Nd2 a6 4. Bd3 c5 5. dxc5 Bxc5 6. Ngf3 Ne7 7. O-O Nbc6 8.
Qe2 O-O 9. Nb3 Ba7 10. c3 Qc7 11. Re1 dxe4 12. Qxe4 Ng6 13. Nbd4 Bd7 14. Nxc6
Bxc6 15. Qg4 Rad8 16. Bxg6 fxg6 17. Qxe6+ Kh8 18. Bg5 Bxf2+ 19. Kxf2 Qxh2 20.
Re4 Rxf3+ 21. Kxf3 Rf8+ 22. Ke3 Qg3+ 23. Kd4 Bxe4 24. Be3 Bc6 25. Rf1 Rd8+ 26.
Kc5 Qxg2 27. Rd1 Re8 28. Qf7 Qxb2 29. Kd6 Qh2+ 30. Bf4 Qh5 31. Rd4 h6 0-1

[Event "24. Torneo Colllado Villalba"]
[Site "Collado Villalba ESP"]
[Date "2007.08.26"]
[Round "4.9"]
[White "Minzer, Claudio Javier"]
[Black "Lorite Cruz, Francisco"]
[Result "1-0"]
[WhiteElo "2410"]
[BlackElo "2159"]
[PlyCount "85"]
[EventDate "2007.08.23"]
[EventType "swiss"]
[EventRounds "9"]
[EventCountry "ESP"]
[Source "lmi"]
[SourceDate "2007.08.23"]

1. Nf3 g6 2. d4 Bg7 3. c4 c5 4. Nc3 cxd4 5. Nxd4 Nc6 6. Nb3 d6 7. e4 Nf6 8. Be2
O-O 9. Be3 b6 10. O-O Bb7 11. f3 Nd7 12. Rc1 Nc5 13. Nd4 Nxd4 14. Bxd4 Bxd4+
15. Qxd4 Ne6 16. Qd2 Ng7 17. Rfd1 Re8 18. Nd5 Rc8 19. b4 Ne6 20. Qb2 Bxd5 21.
cxd5 Ng7 22. Rc6 Rxc6 23. dxc6 Ne6 24. Bc4 Nc7 25. b5 e6 26. a4 d5 27. Bf1 Qd6
28. e5 Qc5+ 29. Qf2 Qa3 30. Qd4 Rb8 31. Rb1 h5 32. h4 Kf8 33. Kh2 Ke8 34. Qf4
Qe7 35. Kh3 Kd8 36. Rb3 Ne8 37. g4 Ng7 38. Qh6 Qf8 39. Rd3 Kc7 40. Rd4 Qh8 41.
Qxh8 Rxh8 42. Rf4 Rf8 43. Bd3 1-0

[Event "24. Torneo Colllado Villalba"]
[Site "Collado Villalba ESP"]
[Date "2007.08.26"]
[Round "4.10"]
[White "Madina Yadarola, Martin"]
[Black "Torres Samper, Rafael"]
[Result "1-0"]
[WhiteElo "2344"]
[BlackElo "2099"]
[PlyCount "43"]
[EventDate "2007.08.23"]
[EventType "swiss"]
[EventRounds "9"]
[EventCountry "ESP"]
[Source "lmi"]
[SourceDate "2007.08.23"]

1. e4 c5 2. Nf3 d6 3. c3 Nf6 4. h3 Nc6 5. Bd3 g6 6. Bc2 Bg7 7. d4 cxd4 8. cxd4
O-O 9. O-O e5 10. Nc3 exd4 11. Nd5 Nxd5 12. exd5 Nb4 13. Bb3 d3 14. a3 Nc2 15.
Ra2 Qa5 16. Bc4 Bf5 17. g4 Rac8 18. b3 b5 19. Bxd3 Bxd3 20. Qxd3 Nb4 21. Qd2
Rc3 22. axb4 1-0

[Event "24. Torneo Colllado Villalba"]
[Site "Collado Villalba ESP"]
[Date "2007.08.26"]
[Round "4.11"]
[White "Sanchez Gonzalez, Sergio"]
[Black "Elissalt Cardenas, Hector"]
[Result "1/2-1/2"]
[WhiteElo "2098"]
[BlackElo "2329"]
[PlyCount "53"]
[EventDate "2007.08.23"]
[EventType "swiss"]
[EventRounds "9"]
[EventCountry "ESP"]
[Source "lmi"]
[SourceDate "2007.08.23"]

1. d4 f5 2. g3 Nf6 3. Bg2 e6 4. Nf3 Be7 5. c4 c6 6. O-O O-O 7. b3 d5 8. Ba3
Bxa3 9. Nxa3 b6 10. Nc2 a5 11. a4 Ba6 12. Ne5 Qd6 13. Re1 Nfd7 14. Nxd7 Nxd7
15. cxd5 cxd5 16. e3 Rfc8 17. Bf1 Bxf1 18. Rxf1 Rc3 19. Na3 Qe7 20. Nb5 Rc6 21.
Rc1 Rac8 22. Rxc6 Rxc6 23. Na7 Rc7 24. Nb5 Rc6 25. Na7 Rc7 26. Nb5 Rc6 27. Na7
1/2-1/2

[Event "24. Torneo Colllado Villalba"]
[Site "Collado Villalba ESP"]
[Date "2007.08.26"]
[Round "4.13"]
[White "Alvarez Abejon, Amilcar"]
[Black "Martinez Rodriguez, Pablo"]
[Result "0-1"]
[WhiteElo "2062"]
[BlackElo "2301"]
[PlyCount "116"]
[EventDate "2007.08.23"]
[EventType "swiss"]
[EventRounds "9"]
[EventCountry "ESP"]
[Source "lmi"]
[SourceDate "2007.08.23"]

1. c4 e6 2. g3 d5 3. Bg2 dxc4 4. Nf3 Nd7 5. Na3 Bxa3 6. bxa3 Ngf6 7. Qc2 a6 8.
Qxc4 b5 9. Qc2 Bb7 10. O-O c5 11. d3 O-O 12. a4 Qa5 13. Bd2 Qxa4 14. Qxa4 bxa4
15. Rfc1 Bd5 16. Bf4 Rfc8 17. Ne5 Bxg2 18. Kxg2 Nxe5 19. Bxe5 Nd7 20. Bb2 Rab8
21. Ba3 Rb5 22. Rc2 e5 23. Rac1 f5 24. Rc4 Nb6 25. Rxc5 Rbxc5 26. Rxc5 Rxc5 27.
Bxc5 Nd5 28. e3 Kf7 29. Kf1 Ke6 30. Ke1 Nc3 31. a3 e4 32. Kd2 Nd5 33. dxe4 fxe4
34. h3 g6 35. Bf8 h5 36. Bc5 g5 37. Ke2 g4 38. h4 Nc7 39. Kd2 Kd5 40. Bb4 Kc4
41. Kc2 Nb5 42. Bf8 Nc3 43. Bb4 Nd5 44. Bf8 Nb6 45. Bb4 Nc8 46. Bf8 Na7 47. Be7
Nc6 48. Bd6 Na7 49. Bf8 Nb5 50. Bb4 Nc7 51. Bd6 Nd5 52. Bf8 Nc3 53. Bb4 Ne2 54.
Ba5 Ng1 55. Bc3 Nf3 56. Ba5 Ne5 57. Bc7 Nd3 58. Bf4 Nxf2 0-1

[Event "24. Torneo Colllado Villalba"]
[Site "Collado Villalba ESP"]
[Date "2007.08.26"]
[Round "4.14"]
[White "Garcia Galeote, Lorenzo"]
[Black "Safranska, Anda"]
[Result "0-1"]
[WhiteElo "2062"]
[BlackElo "2301"]
[PlyCount "108"]
[EventDate "2007.08.23"]
[EventType "swiss"]
[EventRounds "9"]
[EventCountry "ESP"]
[Source "lmi"]
[SourceDate "2007.08.23"]

1. d4 d6 2. c4 e5 3. Nc3 exd4 4. Qxd4 Nc6 5. Qd2 Nf6 6. g3 g6 7. Bg2 Bg7 8. e4
O-O 9. Nge2 a5 10. O-O Re8 11. f3 Be6 12. b3 a4 13. Rb1 axb3 14. axb3 Nd7 15.
Nf4 Nc5 16. Nd3 f5 17. Nxc5 dxc5 18. Qxd8 Rexd8 19. Nd5 Bxd5 20. exd5 Nd4 21.
Be3 Re8 22. Bxd4 Bxd4+ 23. Kh1 Ra2 24. Rfe1 Rxe1+ 25. Rxe1 Rb2 26. h4 Kf7 27.
Kh2 Rxb3 28. Rc1 h5 29. g4 Be5+ 30. Kg1 hxg4 31. fxg4 fxg4 32. Re1 Bf6 33. Re4
g3 34. Bh3 Rb2 35. Rg4 Bd4+ 36. Kf1 Rc2 37. Rxg3 Rxc4 38. Be6+ Kf6 39. Rf3+ Ke5
40. Rf7 b5 41. Rxc7 b4 42. Rb7 Rc1+ 43. Ke2 Rh1 44. Bf7 Rxh4 45. Rb6 Rh2+ 46.
Kd1 Bc3 47. Re6+ Kf4 48. Bxg6 b3 49. Rb6 c4 50. Rb8 Be5 51. Rf8+ Ke3 52. Rf1 c3
53. Kc1 Bf4 54. Kb1 Kd2 0-1

[Event "24. Torneo Colllado Villalba"]
[Site "Collado Villalba ESP"]
[Date "2007.08.26"]
[Round "4.15"]
[White "Tejedo Meneses, Alvaro"]
[Black "Rubio Mejia, Luis Ignacio"]
[Result "0-1"]
[WhiteElo "2056"]
[BlackElo "2270"]
[PlyCount "136"]
[EventDate "2007.08.23"]
[EventType "swiss"]
[EventRounds "9"]
[EventCountry "ESP"]
[Source "lmi"]
[SourceDate "2007.08.23"]

1. e4 c5 2. Nf3 d6 3. d4 cxd4 4. Nxd4 Nf6 5. Nc3 a6 6. Bg5 e6 7. f4 Nbd7 8. Bc4
Qb6 9. Bb3 Be7 10. Qd2 Nc5 11. Bxf6 Bxf6 12. O-O-O Qc7 13. Rhe1 O-O 14. g4 b5
15. g5 Be7 16. a3 Bd7 17. f5 Rfb8 18. g6 Nxb3+ 19. Nxb3 hxg6 20. fxg6 Be8 21.
gxf7+ Bxf7 22. Rg1 Bf6 23. h4 a5 24. Qxd6 Qxd6 25. Rxd6 b4 26. axb4 axb4 27.
Ne2 Bxh4 28. Ned4 Be7 29. Rc6 Rc8 30. Rxc8+ Rxc8 31. Kd2 Bf6 32. Kd3 e5 33. Nf5
Kf8 34. Nd2 Rd8+ 35. Ke3 g6 36. Nh6 Be8 37. Nf3 Rc8 38. Rg2 Bg7 39. Ng4 Rc5 40.
Kd2 Ke7 41. Rh2 Bc6 42. Kd3 Bb5+ 43. Kd2 Bc4 44. Rh7 Kf8 45. Rh1 Ra5 46. b3 Bg8
47. Ng5 Ra2 48. Kd3 Ra8 49. Nh6 Rd8+ 50. Ke2 Bf6 51. Rf1 Kg7 52. Nxg8 Bxg5 53.
Rg1 Rd2+ 54. Ke1 Bf4 55. Ne7 Rxc2 56. Nxg6 Rc1+ 57. Kf2 Rxg1 58. Nxf4 Rb1 59.
Ne6+ Kf6 60. Nc5 Rb2+ 61. Ke3 Rc2 62. Na4 Kg5 63. Kd3 Rc6 64. Ke3 Kg4 65. Nb2
Rc3+ 66. Kd2 Rxb3 67. Nd3 Rxd3+ 68. Kxd3 Kf3 0-1

[Event "24. Torneo Colllado Villalba"]
[Site "Collado Villalba ESP"]
[Date "2007.08.26"]
[Round "4.16"]
[White "De Nacimiento Montaño, Antonio"]
[Black "De La Fuente Gonzalez, Francisco"]
[Result "1/2-1/2"]
[WhiteElo "1992"]
[BlackElo "2230"]
[PlyCount "71"]
[EventDate "2007.08.23"]
[EventType "swiss"]
[EventRounds "9"]
[EventCountry "ESP"]
[Source "lmi"]
[SourceDate "2007.08.23"]

1. e4 e5 2. Nf3 Nf6 3. Nxe5 d6 4. Nf3 Nxe4 5. Nc3 Nxc3 6. dxc3 Be7 7. Bc4 Nc6
8. Nd4 Ne5 9. Be2 O-O 10. Be3 c5 11. Nf3 Be6 12. Nxe5 dxe5 13. Qxd8 Raxd8 14.
O-O f5 15. Rad1 f4 16. Bc1 Rxd1 17. Rxd1 e4 18. Bb5 Kh8 19. Re1 e3 20. fxe3 f3
21. Rf1 Bd5 22. gxf3 Bxf3 23. Bd7 g5 24. Bh3 Kg7 25. Bg2 Bxg2 26. Rxf8 Bxf8 27.
Kxg2 Kf6 28. Kf3 h5 29. h3 Ke5 30. c4 Bh6 31. b3 g4+ 32. hxg4 hxg4+ 33. Kxg4
Ke4 34. Kg3 Bxe3 35. Bb2 Bd4 36. Bc1 1/2-1/2

[Event "24. Torneo Colllado Villalba"]
[Site "Collado Villalba ESP"]
[Date "2007.08.26"]
[Round "4.17"]
[White "Sanchez-Alarcos Galian, Victor"]
[Black "Mena Corrochano, Alberto"]
[Result "0-1"]
[WhiteElo "1958"]
[BlackElo "2169"]
[PlyCount "80"]
[EventDate "2007.08.23"]
[EventType "swiss"]
[EventRounds "9"]
[EventCountry "ESP"]
[Source "lmi"]
[SourceDate "2007.08.23"]

1. Nf3 d5 2. d4 e6 3. c4 Nf6 4. g3 dxc4 5. Bg2 a6 6. O-O b5 7. Ne5 c6 8. Nxc6
Qb6 9. Nxb8 Rxb8 10. e4 Bb7 11. Re1 Be7 12. b3 O-O 13. Bb2 Rfd8 14. Qe2 Rbc8
15. Rc1 cxb3 16. Rxc8 Rxc8 17. axb3 Bb4 18. Qd3 Qc7 19. Na3 Bxa3 20. Bxa3 Qc3
21. Qd1 Rd8 22. e5 Bxg2 23. Kxg2 Qc6+ 24. Kg1 Nd5 25. Bc5 Ra8 26. Qd2 h6 27.
Ra3 f6 28. b4 fxe5 29. dxe5 a5 30. Qa2 Rd8 31. Bd6 axb4 32. Rb3 Ra8 33. Qb2 Ra4
34. Bxb4 Qa8 35. Be1 Ra1 36. Qe2 b4 37. Qe4 Qa2 38. Rd3 Qc2 39. Kf1 b3 40. Qg6
Qxd3+ 0-1

[Event "24. Torneo Colllado Villalba"]
[Site "Collado Villalba ESP"]
[Date "2007.08.26"]
[Round "4.18"]
[White "Labarta Gonzalez-Villarino, Ivan"]
[Black "Esquivias Gomez, Francisco Javier"]
[Result "1/2-1/2"]
[WhiteElo "2164"]
[BlackElo "2060"]
[PlyCount "52"]
[EventDate "2007.08.23"]
[EventType "swiss"]
[EventRounds "9"]
[EventCountry "ESP"]
[Source "lmi"]
[SourceDate "2007.08.23"]

1. d4 f5 2. Bg5 g6 3. Nc3 d5 4. e3 Bg7 5. Bd3 c6 6. h4 h6 7. Bf4 Nf6 8. Nf3
Nbd7 9. Ne5 Nxe5 10. Bxe5 O-O 11. Qe2 Ne4 12. Bxe4 fxe4 13. Bxg7 Kxg7 14. O-O-O
h5 15. f3 Bf5 16. Rdf1 Qa5 17. fxe4 dxe4 18. Rf4 e5 19. dxe5 Qxe5 20. Qc4 Rfe8
21. Rd1 Rad8 22. Rxd8 Rxd8 23. Ne2 Kh7 24. Qc3 Qd5 25. Qd4 Qa5 26. Qc3 Qd5
1/2-1/2